00412nam a2200145Ia 4500003000400000005001700004008004100021040001800062041000800080100005300088110001700141245004500158260002000203710004300223OSt20260317113134.0211028s2017 xx 000 0 und d cAIMIT LIBRARY aeng aFernandes, Melody Margaret; B, Santhosh.g141717 aManimozhi R. aCustomer loyalty management system CRM / aBangalorec2017 aMaventic Innovatiove Solutions Pvt Ltd